000 00928cab a2200253 4500
001 ABS58954
008 090401t1998 xxu||||| |||| 00| 0 eng d
035 _a(Sirsi) u87103
041 _aeng
100 _aKindred, B.
245 _aForced entry to listed buildings: how to do it
260 _c1998
350 _a0
490 _aContext
_v(58) June 1998, 16-17(2)
520 _aDiscusses the procedures for local planning authorities to gain entry to listed buildings by force where access has been denied. Comments on the procedure the LPA should follow prior to obtaining a Warrant, and how a Warrant can be obtained and implemented.
650 _aFORCED ENTRY
650 _aLISTED BUILDINGS
650 _aLOCAL PLANNING AUTHORITIES
650 _aPLANNING (LISTED BUILDINGS & CONSERVATION AREAS) ACT 1990 S88
650 _aWARRANT
690 _aPROPERTY LAW AND PRACTICE
942 _n0
948 _c30/06/1998
999 _c54893
_d54893